Kőlteményes Munkáji : Baróti Szabó Dávidnak Meg-Jobbíttott, 'S Bővíttett Kőlteményes Munkáji. Harmadik Kötet.

Podrobná bibliografia
Hlavný autor: Baróty-Sabó, Dávid, 1739-1819 (Author of introduction, etc.)
Korporácia: Weinmüllerová, Klára (Printer), knižnice - Verejná knižnica (Signer), múzeá - Východoslovenské múzeum (Signer)
Médium: Kniha
Jazyk:Hungarian
Vydané: Komáromban' : Nyomtat. Özvegy Weinmüller Klára' betűivel, 1802-dik Esztend.
Témy:
Signatúra: GR 4853 prív. 2.
LEADER 02074nam a2200397 a 4500
001 000000652
005 20151118104344.0
008 000427s1802 xo e hun
FMT
040 |a SVKKK  |b slo  |c SVKKK  |e AACR2 
041 0 |a hun 
044 |a xo  |c SK 
080 |a 821.511.141-1 
100 1 |a Baróty-Sabó, Dávid,  |d 1739-1819  |4 aut 
245 1 0 |a Kőlteményes Munkáji :  |b Baróti Szabó Dávidnak Meg-Jobbíttott, 'S Bővíttett Kőlteményes Munkáji. Harmadik Kötet. 
260 |a Komáromban' :  |b Nyomtat. Özvegy Weinmüller Klára' betűivel,  |c 1802-dik Esztend. 
300 |a 155,[5] s. A/8-K/8 [=80] list.  |c 8°. 20,5x12,5 cm 
500 |a Vineta ornam.-fig., vlysy ornam., linky ozdobné, typograf. ozdoby, kustódy, tlač. pozn. pod čiarou v jaz. maď. 
508 |a Na zl. A/2 nesignov. úvod autora v závere s textom "Irám Virten, Sz. András' hav. 27-dik napj. 1801-dikben'." 
510 4 |a Petrik III/473 [pod Szabó Dávid Barczafalvi]; COPAC [pod Baróti Szabó, D.]; OSZK [pod Baróti Szabó, D.]. 
561 |a Peč.: Štátna vedecká knižnica v Košiciach; Felsőmagyarországi Rákóczi Muzeum; Kassa Sz. Kir. Város Közkönyvtára (A Felsőmagyarországi Muzeum könyvtárából) 4419 Sorszám. 
501 |a Prív. 2. k.: BARÓTY-SABÓ, D.: Költeményes Munkáji ... Első Kötet. Komáromban 1802. 8°. 
653 1 |a maďarská literatúra 
653 2 |a poézia 
700 1 |a Baróty-Sabó, Dávid,  |d 1739-1819  |4 aui 
710 0 |a Weinmüllerová, Klára  |c Komárno  |d 1801-1827  |4 prt 
710 0 |a knižnice - Verejná knižnica  |c Košice  |4 sgn 
710 0 |a múzeá - Východoslovenské múzeum  |c Košice  |4 sgn 
752 |a Slovensko  |d Komárno 
852 |p GR 4853 prív. 2. 
904 |a af--y------------aayb-1001-- 
905 |a bfga1cb-  |5 ------- 
910 |a svkkk 
998 |a MALETL 
BAS
LKR |a UP  |b 650  |l HIS01  |n Baróti Szabó Dávidnak Meg-Jobbíttott, 'S Bővíttett Kőlteményes Munkáji. Első Kötet.  |m Baróti Szabó Dávidnak Meg-Jobbíttott, 'S Bővíttett Kőlteményes Munkáji. Harmadik Kötet.